|
|
|
|
| LEADER |
02461nam a2200361 a 4500 |
| 001 |
816329 |
| 008 |
090804s1977 nyua b 001 0 eng d |
| 010 |
|
|
|a 76004585
|
| 020 |
|
|
|a 0070857881
|
| 020 |
|
|
|a 0070629218
|
| 040 |
|
|
|a DLC
|c DLC
|d DLC
|
| 082 |
0 |
0 |
|a 621.381
|2 21
|
| 100 |
1 |
|
|a Taub, Herbert,
|d 1918-
|
| 245 |
1 |
0 |
|a Digital integrated electronics /
|c Herbert Taub, Donald Schilling.
|
| 260 |
|
|
|a New York :
|b McGraw-Hill,
|c c1977.
|
| 300 |
|
|
|a xx, 650 p. :
|b ill. ;
|c 24 cm.
|
| 490 |
0 |
|
|a McGraw-Hill electrical and electronic engineering series
|
| 504 |
|
|
|a Includes bibliographical references and index.
|
| 541 |
1 |
|
|e 00008963
|
| 650 |
|
0 |
|a Digital electronics.
|
| 650 |
|
0 |
|a Integrated circuits.
|
| 700 |
1 |
|
|a Schilling, Donald L.,
|e joint author.
|
| 852 |
4 |
|
|a Ayesha Abed Library
|j General Shelf.
|
| 999 |
|
|
|c 3284
|d 3284
|
| 952 |
|
|
|0 0
|1 0
|2 ddc
|4 0
|6 621_381000000000000_TAU_1977
|7 0
|9 2976
|a BRACUL
|b BRACUL
|c GEN
|d 2009-08-31
|g 0.00
|l 4
|m 19
|o 621.381 TAU
|p 3010008963
|r 2019-10-16
|s 2019-09-05
|t 1
|w 2009-08-31
|y BK
|x No price found in the accession register.
|
| 952 |
|
|
|0 0
|1 0
|2 ddc
|4 0
|6 621_381000000000000_TAU_1977
|7 0
|9 10935
|a BRACUL
|b BRACUL
|c GEN
|d 2010-06-14
|l 2
|m 11
|o 621.381 TAU
|p 3010008580
|r 2025-07-20
|s 2025-06-26
|t 2
|w 2010-06-14
|y BK
|
| 952 |
|
|
|0 0
|1 0
|2 ddc
|4 0
|6 621_381000000000000_TAU_1977
|7 0
|9 10957
|a BRACUL
|b BRACUL
|c GEN
|d 2010-06-14
|l 4
|m 39
|o 621.381 TAU
|p 3010008964
|r 2022-06-06
|s 2022-03-23
|t 3
|w 2010-06-14
|y BK
|
| 952 |
|
|
|0 0
|1 0
|2 ddc
|4 1
|6 621_381000000000000_TAU_1977
|7 0
|9 11481
|a BRACUL
|b BRACUL
|c SPS
|d 2010-07-03
|l 3
|m 12
|o 621.381 TAU
|p 3010008581
|r 2017-08-13
|s 2016-12-18
|t 4
|w 2010-07-03
|y BK
|
| 952 |
|
|
|0 0
|1 0
|2 ddc
|4 1
|6 621_381000000000000_TAU_1977
|7 0
|9 11482
|a BRACUL
|b BRACUL
|c SPS
|d 2010-07-03
|l 1
|m 13
|o 621.381 TAU
|p 3010009486
|r 2014-03-01
|s 2013-10-06
|t 5
|w 2010-07-03
|y BK
|
| 952 |
|
|
|0 0
|1 0
|2 ddc
|4 1
|6 621_381000000000000_TAU_1977
|7 0
|9 11483
|a BRACUL
|b BRACUL
|c SPS
|d 2010-07-03
|l 1
|m 16
|o 621.381 TAU
|p 3010009487
|r 2015-06-02
|s 2015-01-28
|t 6
|w 2010-07-03
|y BK
|
| 952 |
|
|
|0 0
|1 0
|2 ddc
|4 1
|6 621_381000000000000_TAU_1977
|7 0
|9 11484
|a BRACUL
|b BRACUL
|c SPS
|d 2010-07-03
|l 3
|m 23
|o 621.381 TAU
|p 3010009488
|r 2016-05-25
|s 2016-05-10
|t 7
|w 2010-07-03
|y BK
|
| 952 |
|
|
|0 0
|1 0
|2 ddc
|4 1
|6 621_381000000000000_TAU_1977
|7 0
|9 11489
|a BRACUL
|b BRACUL
|c SPS
|d 2010-07-04
|l 2
|m 19
|o 621.381 TAU
|p 3010009484
|r 2015-02-13
|s 2015-01-14
|t 8
|w 2010-07-04
|y BK
|
| 952 |
|
|
|0 0
|1 0
|2 ddc
|4 1
|6 621_381000000000000_TAU_1977
|7 0
|9 11490
|a BRACUL
|b BRACUL
|c SPS
|d 2010-07-04
|l 1
|m 9
|o 621.381 TAU
|p 3010009485
|r 2015-03-29
|s 2015-01-14
|t 9
|w 2010-07-04
|y BK
|